Sistemy linejnych uravnenij

Na minha lista:
Detalhes bibliográficos
Autor principal: Skorňakov, Lev Anatolievič (Author)
Formato: Livro
Idioma:russo
Publicado em: Moskva : Nauka, 1986
Tags: Adicionar Tag
Sem tags, seja o primeiro a adicionar uma tag!

MARC

LEADER 00000nam a22000003a 4500
001 stu86510
005 20150617225924.2
008 040430s1986------------------------rus-d
040 |a STU  |b slo 
041 0 |a rus 
080 |a 517.956 
100 1 |a Skorňakov, Lev Anatolievič  |4 aut 
245 1 |a Sistemy linejnych uravnenij 
260 |a Moskva :  |b Nauka,  |c 1986 
300 |a 60 s 
996 |b E59741  |c E*59741  |l EE03  |s P  |a 0  |w stu86510_0001 
996 |b E59742  |c E*59742  |l EE03  |s P  |a 0  |w stu86510_0002